|
|
|
|
| LEADER |
00000naa2a2200000 4500 |
| 001 |
198853 |
| 005 |
20231031184110.0 |
| 035 |
|
|
|a (RuTPU)RU\TPU\book\216866
|
| 090 |
|
|
|a 198853
|
| 100 |
|
|
|a 20110711d2009 k y0rusy50 ca
|
| 101 |
0 |
|
|a rus
|
| 102 |
|
|
|a RU
|
| 200 |
1 |
|
|a Защита стального колокола среднетемпературного фторного электролизёра
|f С. Н. Ложкомоев
|
| 463 |
|
0 |
|0 (RuTPU)RU\TPU\book\208731
|y 5-98298-470-1
|t Фторидные технологии
|o тезисы докладов Всероссийской научно-практической конференции, 25-26 июня 2009 г. г. Томск
|f Томский политехнический университет (ТПУ), Физико-технический факультет; ООО "Фторидные технологии"
|v С. 13
|d 2009
|p 79 с.
|
| 610 |
1 |
|
|a фторные электролизёры
|
| 610 |
1 |
|
|a электролиты
|
| 610 |
1 |
|
|a окраска
|
| 610 |
1 |
|
|a диафрагмы
|
| 610 |
1 |
|
|a стальные диафрагмы
|
| 610 |
1 |
|
|a труды учёных ТПУ
|
| 700 |
|
1 |
|a Ложкомоев
|b С. Н.
|
| 801 |
|
1 |
|a RU
|b 63413507
|c 20110711
|
| 942 |
|
|
|c BK
|